[Event "Guimaraes op"]
[Site "Guimaraes"]
[Date "2017.09.04"]
[Round "5"]
[White "Sarabando, Rodrigo Andias"]
[Black "Rasteiro, Rui"]
[Result "0-1"]
[WhiteElo "1184"]
[BlackElo "1514"]
[PlyCount "120"]
[EventDate "2017.09.02"]
[EventType "swiss"]
[EventRounds "7"]
[EventCountry "POR"]
[SourceTitle "CBM 180 Extra"]
[Source "ChessBase"]
[SourceDate "2017.10.06"]
[SourceVersion "1"]
[SourceVersionDate "2017.10.06"]
[SourceQuality "1"]

1. d4 d5 2. c4 e6 3. Nc3 Nf6 4. Nf3 Be7 5. Bf4 c6 6. e3 Nbd7 7. Bd3 dxc4 8. Bxc4 Nd5 9. Bxd5 exd5 10. 0-0 Nf6 11. Qc2 0-0 12. a3 a5 13. Rfe1 Re8 14. Rad1 Bg4 15. Ne2 Ne4 16. Ng3 Nd6 17. Be5 Nc4 18. Bf4 Bxf3 19. gxf3 Bg5 20. Bxg5 Qxg5 21. Qc3 h5 22. Kh1 h4 23. f4 Qg6 24. Rg1 hxg3 25. Rxg3 Qe4+ 26. Kg1 Re6 27. Re1 Rg6 28. a4 Rxg3+ 29. fxg3 Ra6 30. b3 Nb6 31. b4 Nc4 32. bxa5 Nxa5 33. Qb4 Qe6 34. Qc3 Qd6 35. Qc2 Qb4 36. Re2 Qc4 37. e4 Qxc2 38. Rxc2 dxe4 39. Kf2 Rb6 40. Ke3 f5 41. h3 Rb3+ 42. Ke2 Rxg3 43. h4 Rg2+ 44. Kd1 Rxc2 45. Kxc2 Nc4 46. Kc3 Ne3 47. Kd2 Nd5 48. h5 Nxf4 49. Ke3 Nd5+ 50. Kf2 f4 51. Ke2 Nc3+ 52. Kf2 e3+ 53. Ke1 e2 54. Kf2 f3 55. Ke1 Nxa4 56. Kf2 Nb2 57. Kxf3 e1Q 58. Kg2 Qe3 59. Kf1 Nd3 60. Kg2 Nf4+ 0-1

[Event "Coimbra op"]
[Site "Coimbra"]
[Date "2010.06.12"]
[Round "4"]
[White "Rasteiro, Rui"]
[Black "Rodriguez Bachiller, Luis"]
[Result "1-0"]
[WhiteElo "1431"]
[BlackElo "1897"]
[PlyCount "76"]
[EventDate "2010.06.10"]
[EventType "swiss"]
[EventRounds "6"]
[EventCountry "POR"]
[SourceTitle "CBM 137 Extra"]
[Source "ChessBase"]
[SourceDate "2010.09.01"]
[SourceVersion "1"]
[SourceVersionDate "2010.09.01"]
[SourceQuality "1"]

1. e4 d6 2. d4 Nf6 3. Nc3 Nbd7 4. Be3 e5 5. Nf3 Be7 6. Bc4 c6 7. a4 a5 8. h3 0-0 9. Ba2 h6 10. Qd2 Rb8 11. g4 b5 12. g5 b4 13. gxf6 bxc3 14. bxc3 Bxf6 15. Rg1 Kh7 16. Nh2 exd4 17. cxd4 Nb6 18. Ng4 Bxg4 19. hxg4 g5 20. Rh1 Kg7 21. Rb1 Nxa4 22. Rxb8 Qxb8 23. f4 Qb4 24. Qxb4 axb4 25. e5 dxe5 26. dxe5 Be7 27. f5 Bd8 28. f6+ Kh7 29. Bxg5 Kg8 30. Bxh6 Kh7 31. Bxf8+ Kg6 32. Bxb4 Kg5 33. Bxf7 Kxg4 34. Be7 Ba5+ 35. Kf1 Kf5 36. Bb3 Kxe5 37. f7 Kd4 38. f8Q Ke5 1-0